00471nam a2200181Ia 4500003000400000005001700004008004000021020001800061040000700079041000800086082001700094100001600111245006000127250000700187260006700194300001100261700001700272OSt20260109161801.0210210b2016 xxu||||| |||| 00| 0 eng d a9788122435870 cAL aeng a338.954 AGRI aAgrawal A N aIndian economyb: problems of development and planning  a41 aNew DelhibNew Age International (P) Limited, Publishersc2016 aXV,703 a Agarwal M K